|
|
|
|
| LEADER |
00778cam a2200217 7i4500 |
| 001 |
0000007492 |
| 005 |
20170218090000.0 |
| 020 |
|
|
|a 9780831131296
|
| 020 |
|
|
|a 0831131292 (pbk.)
|
| 090 |
0 |
0 |
|a TJ1189
|b .E34 2001
|
| 100 |
1 |
|
|a Evans, Ken
|
| 245 |
1 |
0 |
|a Programming of computer numerically controlled machines
|c Ken Evans , John Polywka and Stanley Gabrel.
|
| 250 |
|
|
|a 2nd ed.
|
| 260 |
|
|
|a New York:
|b Industrial Press Inc.,
|c 2001.
|
| 300 |
|
|
|a xiii, 386 p.:
|b ill.;
|c 25 cm.
|
| 500 |
|
|
|a Includes index
|
| 650 |
0 |
0 |
|a Machine tools --
|x Numerical control --
|x Programming
|
| 700 |
1 |
|
|a Polywka, John
|
| 700 |
1 |
|
|a Gabrel, Stanley
|
| 997 |
|
|
|a Communication, Visual Art & Computing, Faculty
|b Computing, Department
|
| 999 |
|
|
|a 0000006108
|b BOK
|c OPEN SHELF
|e 2nd Floor, Bestari Jaya
|